Estados Unidos y Chile hacia 1987 /

Salvato in:
Dettagli Bibliografici
Autore principale: Boeninger, Edgardo
Altri autori: Frohmann, Alicia Garreton Merino, Manuel Antonio Kaufman Purcell, Susan Orrego Vicuña, Francisco Portales C, Carlos Varas Fernández, Augusto
Natura: testo
Pubblicazione: Santiago: FLACSO
Tags: Aggiungi Tag
Nessun Tag, puoi essere il primo ad aggiungerne!!

MARC

LEADER 00000 a a2200000 04500
001 24782
003
040
090 |a 174600  
100 |a Boeninger, Edgardo  
245 |a Estados Unidos y Chile hacia 1987 /  |c Edgardo Boeninger 
260 |a Santiago:   |b FLACSO  
300 |a 78 p.  
700 |a Frohmann, Alicia   |a Garreton Merino, Manuel Antonio   |a Kaufman Purcell, Susan   |a Orrego Vicuña, Francisco   |a Portales C, Carlos   |a Varas Fernández, Augusto  
999 |c 13538  |d 13538